| 000 | 004990000a22001810004500 | ||
|---|---|---|---|
| 003 | MACL | ||
| 005 | 20160122175042.0 | ||
| 008 | 160122b xxu||||| |||| 00| 0 eng d | ||
| 040 |
_aMACL _cMACL |
||
| 041 | _aEnglish | ||
| 082 | _a658.835/MAR | ||
| 100 |
_aMarconi, Joe _934203 |
||
| 245 |
_aCrisis Marketing _bWhen bad things happen to good companies |
||
| 260 |
_bAffiliated East West Press _c1993 _aMadras |
||
| 350 | _a150 | ||
| 650 |
_aGeneral Managment _921540 |
||
| 942 |
_cBK _k658.835/MAR _2ddc |
||
| 999 |
_c32625 _d32625 |
||